[Event "North American-ch U20"]
[Site "Mexico City"]
[Date "2022.12.05"]
[Round "7"]
[White "Zaragoza Alanis, Miguel Arnulfo"]
[Black "Ruiz Ortiz, Gabriel Abraham"]
[Result "1-0"]
[WhiteElo "1800"]
[BlackElo "1760"]
[PlyCount "57"]
[EventDate "2022.12.02"]
[EventType "swiss"]
[EventRounds "9"]
[EventCountry "MEX"]
[SourceTitle "EXT 2024"]
[Source "ChessBase"]
[SourceDate "2023.10.10"]
[SourceVersion "1"]
[SourceVersionDate "2023.10.10"]
[SourceQuality "1"]

1. e4 c6 2. d4 d5 3. exd5 cxd5 4. Bd3 Nc6 5. c3 Nf6 6. Bf4 Bg4 7. Qb3 Qd7 8. Nd2 Rc8 9. Ngf3 a6 10. h3 Bxf3 11. Nxf3 Ne4 12. 0-0 e6 13. Rfe1 Nd6 14. Qxd5 Be7 15. Qh5 g6 16. Qg4 Nf5 17. h4 Qd8 18. Rad1 Qa5 19. d5 Qxd5 20. Bxa6 Ncd4 21. Nxd4 bxa6 22. Nxe6 Qb7 23. Nd4 Nxd4 24. Rxd4 f5 25. Qe2 Rf8 26. Rd3 Rd8 27. Qxe7+ Qxe7 28. Rxe7+ Kxe7 29. Bg5+ 1-0

[Event "Iberoamerican-ch 8th"]
[Site "Mexico City"]
[Date "2022.02.12"]
[Round "1"]
[White "Ruiz Ortiz, Gabriel Abraham"]
[Black "Estrada Nieto, Julian"]
[Result "0-1"]
[WhiteElo "1709"]
[BlackElo "2253"]
[PlyCount "84"]
[EventDate "2022.02.12"]
[EventType "swiss"]
[EventRounds "9"]
[EventCountry "MEX"]
[SourceTitle "CBM 206 Extra"]
[Source "ChessBase"]
[SourceDate "2022.03.31"]
[SourceVersion "1"]
[SourceVersionDate "2022.03.31"]
[SourceQuality "1"]

1. e4 e5 2. Nf3 Nc6 3. Bc4 Bc5 4. 0-0 d6 5. d3 Nf6 6. h3 a6 7. Be3 0-0 8. Re1 Bxe3 9. fxe3 Na5 10. Bb3 Re8 11. Nc3 b5 12. d4 Nxb3 13. axb3 Bb7 14. d5 b4 15. Na2 a5 16. c3 Nxe4 17. cxb4 Nf6 18. e4 c6 19. dxc6 Bxc6 20. bxa5 Rxa5 21. Nd2 d5 22. Qc2 Qb6+ 23. Kh2 Rea8 24. Rac1 Rxa2 25. Qxc6 Qxc6 26. Rxc6 Rxb2 27. Nf3 dxe4 28. Nxe5 h5 29. Kg3 Rxb3+ 30. Kf4 e3 31. Re2 h4 32. Kf3 Ra1 33. Rxe3 Rxe3+ 34. Kxe3 Re1+ 35. Kf4 Nd5+ 36. Kg4 Rxe5 37. Kxh4 Re3 38. g3 Ne7 39. Rc5 g6 40. Kg4 Kg7 41. Kf4 Ra3 42. g4 Rxh3 0-1